000 01146cam a2200385 4500
001 B3091
008 090401t1990 xxu||||| |||| 00| 0 eng d
035 _a(Sirsi) u53927
041 _aeng
050 _a338.436409
090 _aRICS 1990/60AC
110 _aInstitution and College Conferences
_92330
245 _aBuilding surveyors` senior management European conference, Hotel Pulitzer, Amsterdam, 18-20 May 1990
260 _bRICS
_c1990
300 _a7 papers ; 30cm.
350 _a0
520 _aPapers by Gordon, Harvey, Twomey, Joseph and Everson, Roger.
650 _aBC-NET
650 _aBUILDING INDUSTRY
650 _aDIRECTIVE 89/106/EEC
650 _aEURO INFO CENTRES
650 _aEUROPE
650 _aEUROPEAN ECONOMIC INTEREST GROUPINGS
650 _aFRANCE
650 _aHARMONISATION
650 _aNETHERLANDS
650 _aPUBLIC PROCUREMENT
650 _aROYAL INSTITUTION OF CHARTERED SURVEYORS
650 _aSINGLE MARKET
650 _aSPAIN
650 _aFEDERAL REPUBLIC OF GERMANY
710 _aRoyal Institution of Chartered Surveyors
_94900
942 _n0
948 _c04/03/1997
999 _c93367
_d93367